<?xml version="1.0" encoding="UTF-8"?><?xml-stylesheet type="text/xsl" href="static/style.xsl"?><OAI-PMH xmlns="http://www.openarchives.org/OAI/2.0/" xmlns:xsi="http://www.w3.org/2001/XMLSchema-instance" xsi:schemaLocation="http://www.openarchives.org/OAI/2.0/ http://www.openarchives.org/OAI/2.0/OAI-PMH.xsd"><responseDate>2026-04-13T04:07:44Z</responseDate><request verb="GetRecord" identifier="oai:www.recercat.cat:2117/96638" metadataPrefix="marc">https://recercat.cat/oai/request</request><GetRecord><record><header><identifier>oai:recercat.cat:2117/96638</identifier><datestamp>2026-01-20T11:18:04Z</datestamp><setSpec>com_2072_1033</setSpec><setSpec>col_2072_452951</setSpec></header><metadata><record xmlns="http://www.loc.gov/MARC21/slim" xmlns:dcterms="http://purl.org/dc/terms/" xmlns:xsi="http://www.w3.org/2001/XMLSchema-instance" xmlns:doc="http://www.lyncode.com/xoai" xsi:schemaLocation="http://www.loc.gov/MARC21/slim http://www.loc.gov/standards/marcxml/schema/MARC21slim.xsd">
   <leader>00925njm 22002777a 4500</leader>
   <datafield ind2=" " ind1=" " tag="042">
      <subfield code="a">dc</subfield>
   </datafield>
   <datafield ind2=" " ind1=" " tag="720">
      <subfield code="a">Montoya Giraldo, Harrison Albeiro</subfield>
      <subfield code="e">author</subfield>
   </datafield>
   <datafield ind2=" " ind1=" " tag="260">
      <subfield code="c">2016-11</subfield>
   </datafield>
   <datafield ind2=" " ind1=" " tag="520">
      <subfield code="a">El objetivo de este Proyecto de final de grado (a partir de ahora PFG), es analizar el proceso de fundición, moldeado y mecanizado de palas de hélices de paso controlables. Este proceso queda algo limitado dentro de las normas de cada sociedad de clasificación de buques en cuanto a composición química, dimensiones, geometría y propiedades mecánicas, con el objetivo de cumplir unos estándares de calidad. &#xd;
El motivo por el cual se ha escogido este tema para abordar el PFG, es el interés que siempre me ha despertado los sistemas de propulsión de los buques, razón por la cual empecé a cursar la ingeniería técnica especializada en propulsión y servicios del buque del antiguo plan de estudios. &#xd;
En la realización de este PFG, se analizará el proceso de fabricación de las hélices con el fin de proponer una alternativa que mejore el proceso, para reducir costes por sobredimensionado, tiempos de traslado de piezas, tiempos de mecanización, etc. Para obtener información y profundizar en materia, se consultarán múltiples apoyos audiovisuales y textuales, tales como libros, revistas, PFG anteriores,&#xd;
información de internet, además de intentar contactar con empresas y profesionales dedicados al sector de la fundición y mecanizado de hélices.</subfield>
   </datafield>
   <datafield tag="653" ind2=" " ind1=" ">
      <subfield code="a">Àrees temàtiques de la UPC::Nàutica::Enginyeria naval</subfield>
   </datafield>
   <datafield tag="653" ind2=" " ind1=" ">
      <subfield code="a">Propellers</subfield>
   </datafield>
   <datafield tag="653" ind2=" " ind1=" ">
      <subfield code="a">Ship propulsion</subfield>
   </datafield>
   <datafield tag="653" ind2=" " ind1=" ">
      <subfield code="a">Propulsion systems</subfield>
   </datafield>
   <datafield tag="653" ind2=" " ind1=" ">
      <subfield code="a">Hèlices</subfield>
   </datafield>
   <datafield tag="653" ind2=" " ind1=" ">
      <subfield code="a">Vaixells -- Propulsió</subfield>
   </datafield>
   <datafield tag="653" ind2=" " ind1=" ">
      <subfield code="a">Sistemes de propulsió</subfield>
   </datafield>
   <datafield ind2="0" ind1="0" tag="245">
      <subfield code="a">Análisis de la fundición y mecanizado de palas de hélices de paso controlable</subfield>
   </datafield>
   <datafield ind2="0" ind1="0" tag="245">
      <subfield code="a">Análisis del proceso de mecanizado de las palas de hélices de paso controlable</subfield>
   </datafield>
</record></metadata></record></GetRecord></OAI-PMH>